000
00320nam a2200133Ia 4500
008
190216s9999||||xx |||||||||||||| ||und||
100
_a
John B.Conway
245
0
_a
Functions Of One Complex Variable
250
_a
2nd Ed.
260
_b
Narosa Pubs House
_c
1973
300
_a
316p
650
_a
Mathematics
942
_c
BK
999
_c
31634
_d
31634